Jinnah Papers The States : Historical and Policy Perspectives and Accession to Pakistan (Record no. 609127)
[ view plain ]
| 000 -LEADER | |
|---|---|
| fixed length control field | 00326nam a22001097a 4500 |
| 040 ## - CATALOGING SOURCE | |
| Transcribing agency | SCME |
| 100 ## - MAIN ENTRY--PERSONAL NAME | |
| Personal name | Z.H.Zaidi |
| 9 (RLIN) | 108607 |
| 245 ## - TITLE STATEMENT | |
| Title | Jinnah Papers The States : Historical and Policy Perspectives and Accession to Pakistan |
| 260 ## - PUBLICATION, DISTRIBUTION, ETC. | |
| Place of publication, distribution, etc. | slamabad |
| Name of publisher, distributor, etc. | Quaid e azam paper project |
| Date of publication, distribution, etc. | 1996 |
| 300 ## - PHYSICAL DESCRIPTION | |
| Extent | 654p |
| 942 ## - ADDED ENTRY ELEMENTS (KOHA) | |
| Source of classification or shelving scheme | |
| Koha item type | Book |
| Withdrawn status | Lost status | Source of classification or shelving scheme | Damaged status | Not for loan | Permanent Location | Current Location | Date acquired | Total Checkouts | Full call number | Barcode | Date last seen | Price effective from | Koha item type |
|---|---|---|---|---|---|---|---|---|---|---|---|---|---|
| School of Chemical & Materials Engineering (SCME) | School of Chemical & Materials Engineering (SCME) | 05/15/2024 | 954.91 J617J | SCME-162 | 05/15/2024 | 05/15/2024 | Book |
